Bovinotecnia : tomo 1 /
Guardado en:
| Autor Principal: | |
|---|---|
| Otros Autores: | |
| Formato: | Libro |
| Publicado: |
Buenos Aires :
El Ateneo,
1967
|
| Edición: | 5a. ed. |
| Materias: | |
| Etiquetas: |
Agregar Etiqueta
Sin Etiquetas, Sea el primero en etiquetar este registro!
|
| LEADER | 00949nam a22002175a 4500 | ||
|---|---|---|---|
| 001 | CEM.cems017905 | ||
| 005 | 20121114102647.0 | ||
| 008 | 130507s1967##################000#0#####d | ||
| 003 | CEMS | ||
| 082 | 0 | 4 | |a 636.2 |
| 100 | 1 | |a Inchausti, Daniel | |
| 245 | 1 | 0 | |a Bovinotecnia : |b tomo 1 / |c Daniel Inschausti y Ezequiel C. Tagle |
| 250 | |a 5a. ed. | ||
| 260 | |a Buenos Aires : |b El Ateneo, |c 1967 | ||
| 300 | |a 556 p. | ||
| 500 | |a Exterior y razas | ||
| 505 | 0 | |a Exterior del bovino -- Aplomos -- Determinación de la edad del bovino -- Pelajes -- Bovinometría y barimetría -- Bovinos productores de carne -- Bovinos productores de leche -- Bovinos de trabajo -- Origen de los bovinos domésticos y bovídeos -- Razas productoras de carne -- Razas productoras de leche -- Razas de doble y triple aptitud | |
| 653 | |a Bovinos | ||
| 653 | |a Bovinos-razas | ||
| 700 | 1 | |a Tagle, Ezequiel C. | |
| 859 | |a CEMS |b BIB. CEMS - Agricultura |h 636.2 |i In212a5 |p A1682.12 |t Ej.1 |v I |3 I | ||
